000 00969nam a2200217 i 4500
001 159982
003 ES-MaACL
005 20251105063135.0
008 990617s1889 ag |||| | spa d
040 _aCCPB | B
_bspa
_cCCPB | B
080 _a821.134.2-31.09"18"
100 1 _aMonner Sans, R.,
_d1853-1927
_9147215
245 1 0 _aBreves noticias sobre la novela española contemporánea /
_cR. Monner Sans.
260 _aBuenos Aires :
_bFelix Lajouane,
_c1889.
300 _a30 p. ;
_c21 cm.
530 _aDisponible también en sitio web.
650 0 4 _aNovela española-
_yS.XIX-
_xHistoria y crítica.
_915614
852 _aES-MaACL
_jT-563-F-4
_z-- Enc. hol. conservando la cub. original
_z-- Enc. en un vol. facticio
_x-- Edic.: En colofón consta el imp.: Imprenta de "La Nacion"
856 _uhttp://bibliotecadigitalhispanica.bne.es:80/webclient/DeliveryManager?pid=3041063&custom_att_2=simple_viewer
_zIr a la página
999 _c159982
_d159982